| 000 | 00558 a2200229 4500 | ||
|---|---|---|---|
| 260 | _aParis | ||
| 100 | _aSADO, Gilles | ||
| 700 | 1 | _aSADO, Marie Christine | |
| 260 | _bAFNOR | ||
| 300 | _axi-261 p. | ||
| 245 | _aLes plans d'expérience : de l'expérimentation à l'assurance qualité | ||
| 650 | _aExpérimentation | ||
| 650 | _aStatistique | ||
| 650 | _aAnalyses des données | ||
| 300 | _b24 cm | ||
| 260 | _c1991 | ||
| 130 | _lFr | ||
| 500 | _aPréface de Roger Phan-Tan-Luu | ||
| 020 | _a2-12-450311-1 | ||
| 999 |
_c27596 _d27596 |
||